Statistiques concernant Le plus grand pays de ...

Cliquez ici pour prendre le quiz!

Statistiques générales

  • Ce quiz a été pris 320 fois
  • Le résultat moyen est 18 sur 24

Statistiques - réponses

Le plus gros de ...Pays% Correct
Amérique du sudBresil
99%
Amérique du NordCanada
99%
EuropeRussie
99%
OceanieAustralie
98%
AfriqueAlgerie
95%
Union européenneFrance
92%
Moyen OrientArabie Saoudite
89%
AsieRussie
89%
ScandinavieSuede
89%
Asie du sudInde
86%
CaraïbesCuba
84%
BeneluxPays-Bas
79%
-Stan countriesKazakhstan
77%
FrancophoneCanada
73%
OTANCanada
70%
Pays BaltesLituanie
70%
HispanophoneArgentine
69%
ArabophoneAlgerie
68%
Persan parlantIran
67%
AnglophoneCanada
65%
Wu parlantChine
64%
OPEPAlgerie
31%
Igbo parlantNigeria
22%
Amharique parlantEthiopie
18%

Distribution des résultats

Percentile par nombre de réponses

% des personnes avec chaque résultat

Votre développement - résultats

Vous n’avez pas pris ce quiz